Pokemon Fähigkeiten 3. Generation - Statistiken

Allgemein
  • Dieses Quiz wurde 11 mal gespielt
  • Das Durchschnittsergebnis liegt bei 33 aus 76
Antwortstatistiken
Antwort % Korrekt
Bedroher
100%
Notdünger
100%
Schwebe
100%
Sturzbach
100%
Dürre
83%
Großbrand
83%
H2O-Absorber
83%
Niesel
83%
Steinhaupt
83%
Adrenalin
67%
Chlorophyll
67%
Erzwinger
67%
Insomnia
67%
Magmapanzer
67%
Munterkeit
67%
Neutraltorso
67%
Speckschicht
67%
Sporenwirt
67%
Statik
67%
Temposchub
67%
Wassertempo
67%
Blitzfänger
50%
Dösigkeit
50%
Duftnote
50%
Facettenauge
50%
Farbwechsel
50%
Flammkörper
50%
Hexaplaga
50%
Lärmschutz
50%
Rauhaut
50%
Robustheit
50%
Sandsturm
50%
Synchro
50%
Voltabsorber
50%
Adlerauge
33%
Angsthase
33%
Aquahülle
33%
Auswegslos
33%
Charmebolzen
33%
Expidermis
33%
Feuchtigkeit
33%
Feuerfänger
33%
Giftdorn
33%
Innere Kraft
33%
Kloakensoße
33%
Mentalkraft
33%
Minus
33%
Mitnahme
33%
Notschutz
33%
Plus
33%
Prognose
33%
Regengenuss
33%
Sandschleier
33%
Schnarchnase
33%
Wegsperre
33%
Wolke Sieben
33%
Wunderwache
33%
Erleuchtung
17%
Flexibilität
17%
Immunität
17%
Kampfpanzer
17%
Klebekörper
17%
Klimaschutz
17%
Konzentrator
17%
Kraftkoloss
17%
Magnetfalle
17%
Puderabwehr
17%
Pulverrauch
17%
Saugnapf
17%
Scherenmacht
17%
Edelmut
0%
Erlassen
0%
Frühwecker
0%
Gleichmut
0%
Panzerhaut
0%
Übereifer
0%
Keine übereinstimmenden Quizze gefunden
Verteilung der Resultate
Anzahl Personen mit jedem Resultat
Perzentil nach korrekt beantworteten Fragen
Ihre Resultats-Entwicklung
Sie haben dieses Quiz noch nicht gespielt